Couleurs de la cité céleste pour piano solo, 3 clarinettes, 3 xylos, orchestre de cuivres, et percussions métalliques
Salvato in:
| Autore principale: | |
|---|---|
| Natura: | Libro |
| Lingua: | francese |
| Pubblicazione: |
París
Alphonse Leduc
1966
|
| Soggetti: | |
| Tags: |
Aggiungi Tag
Nessun Tag, puoi essere il primo ad aggiungerne!!
|
MARC
| LEADER | 00000nam a2200000 a 4500 | ||
|---|---|---|---|
| 001 | UCO4659 | ||
| 003 | CL-VaPUC | ||
| 005 | 20231102081933.0 | ||
| 008 | 000811e19660000FR |||||||||||||||||fre|d | ||
| 999 | |c 290677 |d 290675 | ||
| 040 | |c Pontificia Universidad Católica de Valparaíso | ||
| 082 | 0 | 4 | |a Or784.3 MES 1966 |2 21 |
| 100 | |a Messiaen, Olivier |e autor |9 449290 | ||
| 245 | 1 | 0 | |a Couleurs de la cité céleste pour piano solo, 3 clarinettes, 3 xylos, orchestre de cuivres, et percussions métalliques |
| 260 | |a París |b Alphonse Leduc |c 1966 | ||
| 300 | |a 73 p | ||
| 583 | |a last modification |c 20000811 00:00:00 |k Rodrigo Vera | ||
| 650 | 0 | |a Música para piano |9 306528 | |
| 650 | 0 | |a Orquesta de cámara |2 CL-VaPUC |9 456552 | |
| 650 | 0 | |a Compositores franceses |9 328980 | |
| 650 | 0 | |a Música francesa, siglo 20 |9 328981 | |
| 942 | |c BK |2 ddc | ||
| 945 | |d 20000811 00:00:00 |a rbrito | ||
| 952 | |0 0 |1 0 |2 ddc |4 0 |6 OR_784_300000000000000_MES_1966 |7 0 |8 A |9 340211 |a BIBEDU |b BIBEDU |d 2019-11-20 |i 3640701 |o Or784.3 MES 1966 |p 3640701 |r 2023-11-22 |w 2019-11-20 |y BK |k MUS | ||